[Event "Skakligaen 2019-20"]
[Site "Denmark"]
[Date "2020.09.06"]
[Round "9.4"]
[White "Hove, Esben Kjems"]
[Black "Danielsen, Henrik"]
[Result "0-1"]
[WhiteElo "2323"]
[BlackElo "2497"]
[EventDate "2019.11.23"]
[EventType "team-tourn"]
[EventRounds "9"]
[EventCountry "Denmark"]
[WhiteTeam "Nordkalotten"]
[BlackTeam "Koge"]
[WhiteTeamCountry "DEN"]
[BlackTeamCountry "DEN"]
[WhiteFideId "1401505"]
[BlackFideId "1400185"]

1. d4 d6 2. Nf3 Nf6 3. g3 g6 4. Bg2 Bg7 5. O-O O-O 6. c4 Nc6 7. Nc3 Bf5 8. b3 Ne4 9. Bb2 Nxc3 10. Bxc3 Be4 11. Nh4 Bxg2 12. Nxg2 e5 13. d5 Nb8 14. e4 Nd7 15. Qc2 Qe7 16. Rae1 c6 17. Rd1 Nf6 18. dxc6 bxc6 19. Bb4 Rfd8 20. f3 Qe6 21. Rd3 d5 22. Ba5 Rdc8 23. Rfd1 dxe4 24. Rd6 Qh3 25. Rxf6 Bxf6 26. Qxe4 Qe6 27. Ne1 Bd8 28. Bc3 Bb6+ 29. Kg2 Rd8 30. Rc1 Bd4 31. Ba5 Re8 32. Nc2 c5 33. Bd2 f5 34. Qe2 e4 35. Re1 Qc6 36. Ne3 Bxe3 37. Bxe3 exf3+ 38. Qxf3 Rac8 39. Kf2 Qxf3+ 40. Kxf3 Rcd8 41. Re2 Rd3 42. Kf2 Re5 43. Bc1 Rxe2+ 44. Kxe2 Rd6 45. Be3 Ra6 46. Bxc5 Rxa2+ 47. Kd3 a6 48. h4 Kf7 49. Be3 Rg2 50. Bf4 h6 51. b4 g5 52. hxg5 hxg5 53. Bc7 Ke6 54. b5 axb5 55. cxb5 Kd5 56. b6 Rb2 57. Kc3 Rb1 58. Kc2 Rb5 59. Kc3 Kc6 60. Kd4 Rd5+ 61. Ke3 Rd7 62. Ke2 Rxc7 63. bxc7 Kxc7 64. Kd2 Kd6 65. Ke2 Kc5 66. Kd2 Kd4 67. Ke2 Ke4 68. Kf2 Kd3 69. Kf3 Kd2 70. Kf2 g4  0-1

[Event "Skakligaen 2019-20"]
[Site "Denmark"]
[Date "2020.09.06"]
[Round "9.5"]
[White "Smith, Axel"]
[Black "Sylvan, Jacob"]
[Result "1-0"]
[WhiteElo "2465"]
[BlackElo "2323"]
[EventDate "2019.11.23"]
[EventType "team-tourn"]
[EventRounds "9"]
[EventCountry "Denmark"]
[WhiteTeam "Koge"]
[BlackTeam "Nordkalotten"]
[WhiteTeamCountry "DEN"]
[BlackTeamCountry "DEN"]
[WhiteFideId "1707930"]
[BlackFideId "1402137"]

1. e4 c5 2. Nf3 d6 3. d4 cxd4 4. Qxd4 Bd7 5. c4 Nc6 6. Qd3 g6 7. Nc3 Bg7 8. Be2 Nb4 9. Qd2 Nf6 10. O-O O-O 11. Re1 a5 12. Nd4 Qb6 13. Ndb5 Bc6 14. Bf1 Ng4 15. h3 Ne5 16. Qd1 f5 17. Be3 Qd8 18. f4 Nf7 19. a3 Na6 20. exf5 gxf5 21. Qc2 e6 22. Rad1 Qf6 23. Nxd6 e5 24. Nxf5 exf4 25. Bd4 Ne5 26. Rxe5 Rad8 27. Nd5  1-0

[Event "Skakligaen 2019-20"]
[Site "Denmark"]
[Date "2020.09.06"]
[Round "9.6"]
[White "Kristensen, Kaare Hove"]
[Black "Ahlander, Bjorn"]
[Result "1/2-1/2"]
[WhiteElo "2345"]
[BlackElo "2414"]
[EventDate "2019.11.23"]
[EventType "team-tourn"]
[EventRounds "9"]
[EventCountry "Denmark"]
[WhiteTeam "Nordkalotten"]
[BlackTeam "Koge"]
[WhiteTeamCountry "DEN"]
[BlackTeamCountry "DEN"]
[WhiteFideId "1400940"]
[BlackFideId "1700251"]

1. Nf3 Nf6 2. c4 e6 3. g3 d5 4. Bg2 d4 5. O-O c5 6. e3 Nc6 7. exd4 cxd4 8. d3 Bd6 9. Na3 e5 10. Rb1 a5 11. Nc2 O-O 12. a3 a4 13. Bg5 h6 14. Bxf6 Qxf6 15. Nd2 Qg6 16. b4 axb3 17. Rxb3 h5 18. Nb4 Ne7 19. Ne4 h4  1/2-1/2

[Event "Skakligaen 2019-20"]
[Site "Denmark"]
[Date "2020.09.06"]
[Round "9.7"]
[White "Antonsen, Mikkel"]
[Black "Jakobsen, Peter"]
[Result "1-0"]
[WhiteElo "2390"]
[BlackElo "2211"]
[EventDate "2019.11.23"]
[EventType "team-tourn"]
[EventRounds "9"]
[EventCountry "Denmark"]
[WhiteTeam "Koge"]
[BlackTeam "Nordkalotten"]
[WhiteTeamCountry "DEN"]
[BlackTeamCountry "DEN"]
[WhiteFideId "1401378"]
[BlackFideId "1401440"]

1. c4 Nf6 2. Nc3 g6 3. e4 d6 4. d4 Bg7 5. h3 O-O 6. Be3 e5 7. d5 Na6 8. g4 Nc5 9. f3 c6 10. b4 Na6 11. a3 cxd5 12. cxd5 Bd7 13. Bd3 Nc7 14. Nge2 Qe8 15. a4 Na6 16. Rb1 Qe7 17. Qd2 Ne8 18. h4 f5 19. g5 f4 20. Bf2 Nec7 21. Rg1 Rfc8 22. b5 Nb8 23. Nc1 Be8 24. Bf1 Bd7 25. Nb3 a6 26. b6 Ne8 27. Na5  1-0

[Event "Skakligaen 2019-20"]
[Site "Denmark"]
[Date "2020.09.06"]
[Round "9.8"]
[White "Nielsen, Lars Aaes"]
[Black "Jorgensen, Brian"]
[Result "1/2-1/2"]
[WhiteElo "2221"]
[BlackElo "2252"]
[EventDate "2019.11.23"]
[EventType "team-tourn"]
[EventRounds "9"]
[EventCountry "Denmark"]
[WhiteTeam "Nordkalotten"]
[BlackTeam "Koge"]
[WhiteTeamCountry "DEN"]
[BlackTeamCountry "DEN"]
[WhiteFideId "1401726"]
[BlackFideId "1401599"]

1. e4 c5 2. c3 Nf6 3. e5 Nd5 4. d4 cxd4 5. cxd4 Nc6 6. Bc4 Nb6 7. Bb3 d5 8. exd6 e6 9. Nc3 Qxd6 10. Nge2 Qd8 11. O-O Be7 12. a3 Bf6  1/2-1/2

[Event "Skakligaen 2019-20"]
[Site "Denmark"]
[Date "2020.09.06"]
[Round "9.1"]
[White "Glud, Jakob Vang"]
[Black "Hurtado, Javier Marchena"]
[Result "1/2-1/2"]
[WhiteElo "2550"]
[BlackElo "2356"]
[EventDate "2019.11.23"]
[EventType "team-tourn"]
[EventRounds "9"]
[EventCountry "Denmark"]
[WhiteTeam "Aarhus Skolerne"]
[BlackTeam "OBRO"]
[WhiteTeamCountry "DEN"]
[BlackTeamCountry "DEN"]
[WhiteFideId "1407767"]
[BlackFideId "2271583"]

1. c4 Nf6 2. g3 g6 3. Bg2 Bg7 4. Nc3 O-O 5. d3 d6 6. Bg5 h6 7. Bd2 e5 8. e4 Nc6 9. Nge2 Nd4 10. Nxd4 exd4 11. Ne2 Nd7 12. Qc2 a5 13. O-O Nc5 14. Rae1 Bd7 15. h3 b5 16. cxb5 Bxb5 17. Nc1 Qc8 18. f4 Qa6 19. Rf3 Kh7 20. f5 Be5 21. Ref1 g5 22. f6 Rg8 23. Kh1 Rg6 24. b3 Qb6 25. Qd1 Re8 26. h4 g4 27. h5 Rgg8 28. Rf4 Nxd3 29. Rxg4 Nxc1 30. Bxc1 Bxf1 31. Bxf1 Qc6 32. Bc4 Qd7 33. Qd2 Rg5 34. Rxg5 Qh3+ 35. Kg1 hxg5 36. Qxg5 Qxg3+ 37. Qxg3 Bxg3 38. Bxf7 Rf8 39. Bg6+ Kg8 40. f7+ Kg7 41. Bg5 Ra8 42. Be7 d3 43. Kf1 Bf4 44. Ke1 Be3 45. Kd1 Bf4 46. Ke1 Be3 47. Kd1 Bf4 48. Ke1  1/2-1/2

[Event "Skakligaen 2019-20"]
[Site "Denmark"]
[Date "2020.09.06"]
[Round "9.2"]
[White "Nielsen, Viktor Haarmark"]
[Black "Skytte, Rasmus"]
[Result "1/2-1/2"]
[WhiteElo "2268"]
[BlackElo "2373"]
[EventDate "2019.11.23"]
[EventType "team-tourn"]
[EventRounds "9"]
[EventCountry "Denmark"]
[WhiteTeam "OBRO"]
[BlackTeam "Aarhus Skolerne"]
[WhiteTeamCountry "DEN"]
[BlackTeamCountry "DEN"]
[WhiteFideId "1444492"]
[BlackFideId "1404210"]

1. e4 c5 2. Nf3 a6 3. c4 Nc6 4. d4 cxd4 5. Nxd4 Nf6 6. Nc3 e5 7. Nb3 Bb4 8. Bd3 d6 9. O-O Bxc3 10. bxc3 Qe7 11. Ba3 Be6 12. Bc2 Rd8 13. Qd3 Nh5 14. g3 Qg5 15. Kh1 O-O 16. Rad1 Qh6 17. Qe2 Nf6 18. Rxd6 Rxd6 19. Bxd6 Bxc4 20. Qxc4 Ng4 21. h4 Qxd6 22. Kg2 h5 23. Qc5 Qc7 24. Rd1 Rc8 25. Rd3 Nf6 26. Qe3 Nb8 27. Bd1 Nbd7 28. Be2 a5 29. f3 b6 30. Nc1 Nc5 31. Rd2 Na4 32. c4 Nc5 33. Nd3 Ne6 34. f4 exf4 35. Nxf4 Nxf4+ 36. gxf4 Ng4 37. Bxg4 hxg4 38. Kg3 Qxc4 39. Kxg4 b5 40. Qd3 Qe6+ 41. f5 Qe5 42. Qd4 Qe7 43. Kg3 Re8 44. Re2 Rd8 45. Qe3 Qe5+ 46. Qf4 Rd3+ 47. Kg4 Qxf4+ 48. Kxf4 f6 49. e5 Rd4+ 50. Kg3 fxe5 51. Rxe5 Rb4  1/2-1/2

[Event "Skakligaen 2019-20"]
[Site "Denmark"]
[Date "2020.09.06"]
[Round "9.4"]
[White "Rasmussen, Casper Dahl"]
[Black "Vinther Schou, Uffe"]
[Result "0-1"]
[WhiteElo "2304"]
[BlackElo "2361"]
[EventDate "2019.11.23"]
[EventType "team-tourn"]
[EventRounds "9"]
[EventCountry "Denmark"]
[WhiteTeam "OBRO"]
[BlackTeam "Aarhus Skolerne"]
[WhiteTeamCountry "DEN"]
[BlackTeamCountry "DEN"]
[WhiteFideId "1402005"]
[BlackFideId "1400568"]

1. Nf3 c5 2. c4 Nc6 3. g3 e5 4. Nc3 g6 5. Bg2 Bg7 6. h4 h6 7. d3 Nge7 8. e4 d6 9. Be3 a6 10. Qd2 Rb8 11. Nd5 b5 12. h5 g5 13. Nxg5 hxg5 14. Bxg5 Rh7 15. h6 Bh8 16. Bf6 Be6 17. Bxh8 Rxh8 18. Nf6+ Kf8 19. Qg5 Qa5+ 20. Kf1 Ng6 21. Bh3 Nd4 22. Bf5 Rb7 23. Bxg6 fxg6 24. Qxg6 Qd8 25. g4 Qe7 26. h7 Qf7 27. Qg8+ Rxg8 28. hxg8=Q+ Qxg8 29. Nxg8 Kxg8 30. cxb5 axb5 31. a4 b4 32. a5 Nb3 33. Rd1 Kg7 34. f3 Ra7 35. Kf2 Rxa5 36. Kg3 Bf7 37. f4 exf4+ 38. Kxf4 Ra8 39. Rh2 Bg6 40. Kg3 Nd4 41. Rf1 Nc6 42. g5 Ne5 43. Rd2 Rd8 44. Rf6 Nf7 45. Kf4 Rh8 46. Re6 Rh4+ 47. Kg3 Rh5 48. Kf4 Rh4+ 49. Kg3 Rh1 50. Kf4 Rf1+ 51. Kg3 Rg1+ 52. Kf4 Bh5 53. Re7 Rg4+ 54. Ke3 Rxg5 55. Rf2 Rg3+ 56. Kd2 Rg1 57. Kc2 Bd1+ 58. Kd2 Bb3 59. Ke3 Kg6 60. d4 Re1+ 61. Kf4 cxd4 62. Rd2 Rf1+ 63. Kg3 Rd1 64. Rxd1 Bxd1 65. Kf4 Kf6 66. Rb7 b3 67. Rb6 Ke6 68. Rb4 d3 69. Ke3 Ne5 70. Rb8 Bc2 71. Kd2 Nf3+ 72. Kc1 d2#  0-1

[Event "Skakligaen 2019-20"]
[Site "Denmark"]
[Date "2020.09.06"]
[Round "9.5"]
[White "Ochsner, Thomas"]
[Black "Hansen, Soren Bech"]
[Result "1/2-1/2"]
[WhiteElo "2265"]
[BlackElo "2221"]
[EventDate "2019.11.23"]
[EventType "team-tourn"]
[EventRounds "9"]
[EventCountry "Denmark"]
[WhiteTeam "Aarhus Skolerne"]
[BlackTeam "OBRO"]
[WhiteTeamCountry "DEN"]
[BlackTeamCountry "DEN"]
[WhiteFideId "1400711"]
[BlackFideId "1400681"]

1. e4 Nf6 2. e5 Nd5 3. d4 d6 4. Nf3 Bg4 5. Be2 e6 6. O-O Be7 7. c4 Nb6 8. Nc3 O-O 9. h3 Bh5 10. Be3 N8d7 11. exd6 cxd6 12. b3 d5 13. c5 Nc8 14. b4 Bxf3 15. Bxf3 Bf6 16. Qd3 a6 17. a4 Ne7 18. b5 Qc7 19. Rab1 axb5 20. axb5 Rfd8 21. Rfc1  1/2-1/2

[Event "Skakligaen 2019-20"]
[Site "Denmark"]
[Date "2020.09.06"]
[Round "9.6"]
[White "Larsen, Karsten"]
[Black "Sobjerg, Erik"]
[Result "1-0"]
[WhiteElo "2259"]
[BlackElo "2289"]
[EventDate "2019.11.23"]
[EventType "team-tourn"]
[EventRounds "9"]
[EventCountry "Denmark"]
[WhiteTeam "OBRO"]
[BlackTeam "Aarhus Skolerne"]
[WhiteTeamCountry "DEN"]
[BlackTeamCountry "DEN"]
[WhiteFideId "1404288"]
[BlackFideId "1401866"]

1. e4 Nf6 2. Nc3 e5 3. Nf3 Nc6 4. Bb5 Bd6 5. d3 a6 6. Bxc6 dxc6 7. h3 Qe7 8. Bd2 c5 9. Qe2 Be6 10. Nh2 O-O-O 11. f4 c4 12. O-O cxd3 13. cxd3 exf4 14. Kh1 g6 15. e5 Nh5 16. Bxf4 Qh4 17. exd6 Nxf4 18. Qe4 g5 19. Nf3 Qg3 20. Nxg5 Nxh3 21. Nxe6 Rxd6 22. Qf3  1-0

[Event "Skakligaen 2019-20"]
[Site "Denmark"]
[Date "2020.09.06"]
[Round "9.7"]
[White "Rendboe, John Filip"]
[Black "Simonsen, Carsten"]
[Result "1/2-1/2"]
[WhiteElo "2119"]
[BlackElo "2232"]
[EventDate "2019.11.23"]
[EventType "team-tourn"]
[EventRounds "9"]
[EventCountry "Denmark"]
[WhiteTeam "Aarhus Skolerne"]
[BlackTeam "OBRO"]
[WhiteTeamCountry "DEN"]
[BlackTeamCountry "DEN"]
[WhiteFideId "1403664"]
[BlackFideId "1439898"]

1. d4 Nf6 2. Nf3 g6 3. g3 Bg7 4. Bg2 O-O 5. O-O d6 6. c4 Nc6 7. b3 a6 8. Bb2 Rb8 9. d5 Na5 10. Nbd2 c5 11. dxc6 Nxc6 12. Nd4 Bd7 13. Rc1 Qa5 14. Bc3 Qh5 15. Nxc6 bxc6 16. Ne4 Ng4 17. h3 Ne5 18. f4 f5 19. Nf2 Nf7 20. Bxg7 Kxg7 21. e4 Qxd1 22. Rfxd1  1/2-1/2

[Event "Skakligaen 2019-20"]
[Site "Denmark"]
[Date "2020.09.06"]
[Round "9.8"]
[White "Jorgensen, Brian Jorgen"]
[Black "Jensen, Jacob Bjerre"]
[Result "1-0"]
[WhiteElo "2219"]
[BlackElo "2169"]
[EventDate "2019.11.23"]
[EventType "team-tourn"]
[EventRounds "9"]
[EventCountry "Denmark"]
[WhiteTeam "OBRO"]
[BlackTeam "Aarhus Skolerne"]
[WhiteTeamCountry "DEN"]
[BlackTeamCountry "DEN"]
[WhiteFideId "1401548"]
[BlackFideId "1401513"]

1. d4 Nf6 2. c4 c5 3. d5 e6 4. Nc3 exd5 5. cxd5 d6 6. e4 g6 7. f3 Bg7 8. Be3 a6 9. a4 O-O 10. Qd2 Re8 11. Nge2 Nbd7 12. Nc1 Ne5 13. Be2 Rb8 14. O-O h5 15. h3 Nh7 16. Kh1 f5 17. f4 Nf7 18. e5 dxe5 19. fxe5 Rxe5 20. Bxc5 Bh6 21. Qd1 Qh4 22. Nd3 Re8 23. Bf2 Qf6 24. Bg3 Ra8 25. a5 Be3 26. Qa4 Re7 27. d6 Rd7 28. Nd5 Qd4 29. Qxd4 Bxd4 30. Nc7 Rb8 31. Ne6 Ba7 32. Nec5 Rxd6 33. Bxd6 Nxd6 34. Bf3 Nf6 35. b4 Nfe4 36. Kh2 Nd2 37. Bd5+ Kh7 38. Rfe1 f4 39. Re7+ Kh6 40. Nxa6 Nf5 41. Rc7 Ra8 42. Ndc5 f3 43. Rxc8 Rxc8 44. Bxb7 Rd8 45. Bxf3 Nxf3+ 46. gxf3 Rd2+ 47. Kg1 Nd4 48. Ra3 Rb2 49. Rd3 Ne2+ 50. Kf1 Nf4 51. Rd7 Rb1+ 52. Kf2 Rxb4 53. Rxa7 Rb2+ 54. Ke3 Nxh3 55. Nc7 h4 56. a6 Ng1 57. Rb7 Ra2 58. a7 h3 59. N7a6 Re2+ 60. Kd3 h2 61. a8=Q  1-0

[Event "Skakligaen 2019-20"]
[Site "Denmark"]
[Date "2020.09.06"]
[Round "9.1"]
[White "Baekgaard, Martin"]
[Black "Jacobsen, Mikkel Manosri"]
[Result "1-0"]
[WhiteElo "2299"]
[BlackElo "2330"]
[EventDate "2019.11.23"]
[EventType "team-tourn"]
[EventRounds "9"]
[EventCountry "Denmark"]
[WhiteTeam "Nordre"]
[BlackTeam "BMS"]
[WhiteTeamCountry "DEN"]
[BlackTeamCountry "DEN"]
[WhiteFideId "1405586"]
[BlackFideId "1444514"]

1. d4 d5 2. c4 e6 3. Nc3 Nf6 4. cxd5 exd5 5. Bg5 Nbd7 6. e3 Be7 7. Bd3 O-O 8. Nf3 a6 9. O-O h6 10. Bh4 c5 11. dxc5 Nxc5 12. Nd4 Re8 13. Rc1 Be6 14. Nxe6 Nxe6 15. Bxf6 Bxf6 16. Nxd5 Bxb2 17. Rb1 Bd4 18. Qh5 g6 19. Bxg6 fxg6 20. Qxg6+ Bg7 21. Nb6 Rb8 22. Rfd1 Qg5 23. Qc2 Rbd8 24. Nd7 Re7 25. Qc4 Kh8 26. Rd5 Qg6 27. Rbd1 Qe8 28. Qd3 Nc7 29. Nf6 Bxf6 30. Rxd8 Kg7 31. Rxe8 Nxe8 32. Qf5 Kf7 33. Rd7 Kg7 34. Rxe7+ Bxe7 35. Qd7 Kf7 36. Qxb7 Nd6 37. Qxa6 Ne8 38. a4 Nd6 39. a5 Ne8 40. Qc6 Nd6 41. a6 Ne8 42. a7 Nd6 43. a8=Q Bf8 44. Qxf8+ Kxf8 45. Qxd6+ Kg7 46. h4 h5 47. Kh2 Kf7 48. Kg3 Kg7 49. Kf4 Kf7 50. Kg5 Kg7 51. Qe7+ Kh8 52. Kg6 Kg8 53. Qe8#  1-0

[Event "Skakligaen 2019-20"]
[Site "Denmark"]
[Date "2020.09.06"]
[Round "9.2"]
[White "Haubro, Martin"]
[Black "Petersen, Tom Petri"]
[Result "1-0"]
[WhiteElo "2358"]
[BlackElo "2309"]
[EventDate "2019.11.23"]
[EventType "team-tourn"]
[EventRounds "9"]
[EventCountry "Denmark"]
[WhiteTeam "BMS"]
[BlackTeam "Nordre"]
[WhiteTeamCountry "DEN"]
[BlackTeamCountry "DEN"]
[WhiteFideId "1414291"]
[BlackFideId "1403486"]

1. e4 g6 2. d4 Bg7 3. Nc3 a6 4. h4 d5 5. Nxd5 c6 6. Ne3 Qxd4 7. Qxd4 Bxd4 8. h5 Nd7 9. Nf3 Bg7 10. a4 Ndf6 11. e5 Ng4 12. Nxg4 Bxg4 13. h6 Bf8 14. Ng5 Bxh6 15. Bc4 Bxg5 16. Bxg5 Rd8 17. Rh4 h5 18. f3 Be6 19. Bxe6 fxe6 20. Rb4 Rd5 21. f4 Rd7 22. Rd1 Rxd1+ 23. Kxd1 b5 24. axb5 axb5 25. c4 Nh6 26. cxb5 cxb5 27. Rxb5 Kf7 28. Rb7 Nf5 29. b4 Ne3+ 30. Ke2 Nd5 31. b5 Ra8 32. Kf2 Ra2+ 33. Kg3 Ra3+ 34. Kh2 Ra8 35. g3 Rc8 36. Kh3 Ra8 37. g4 hxg4+ 38. Kxg4 Ra4 39. Rb8 Rb4 40. Bh6 Nf6+ 41. exf6 exf6 42. Rb7+ Kg8 43. b6  1-0

[Event "Skakligaen 2019-20"]
[Site "Denmark"]
[Date "2020.09.06"]
[Round "9.3"]
[White "Sloth, Jorn"]
[Black "Sahl, Bjarke"]
[Result "1/2-1/2"]
[WhiteElo "2313"]
[BlackElo "2326"]
[EventDate "2019.11.23"]
[EventType "team-tourn"]
[EventRounds "9"]
[EventCountry "Denmark"]
[WhiteTeam "Nordre"]
[BlackTeam "BMS"]
[WhiteTeamCountry "DEN"]
[BlackTeamCountry "DEN"]
[WhiteFideId "1400240"]
[BlackFideId "1400231"]

1. Nf3 Nf6 2. b3 b6 3. g3 Bb7 4. Bg2 e5 5. Bb2 e4 6. Nd4 c5 7. Nf5 d5 8. d3 Qd7 9. dxe4 d4 10. Nd2 g6 11. Nh4 Nc6 12. e3 Rd8 13. exd4 cxd4 14. O-O Be7 15. Re1 O-O 16. a3 a5 17. Ndf3 Bc5 18. h3 Rfe8 19. Qd3 Qc8 20. c4 Nd7 21. Qf1 Nf6 22. Nd2 Nh5 23. Kh2 d3 24. Rad1 Nd4 25. Qxd3 Nf5 26. Qf3 Nxh4 27. gxh4 Qc7+ 28. Kg1 Qf4 29. Nf1 Qxf3 30. Bxf3 Nf4 31. Ne3 Rd3 32. Rxd3 Nxd3 33. Re2 f5  1/2-1/2

[Event "Skakligaen 2019-20"]
[Site "Denmark"]
[Date "2020.09.06"]
[Round "9.4"]
[White "Vesterli, Michael E"]
[Black "Christensen, Jan Schleicher"]
[Result "0-1"]
[WhiteElo "2234"]
[BlackElo "2177"]
[EventDate "2019.11.23"]
[EventType "team-tourn"]
[EventRounds "9"]
[EventCountry "Denmark"]
[WhiteTeam "BMS"]
[BlackTeam "Nordre"]
[WhiteTeamCountry "DEN"]
[BlackTeamCountry "DEN"]
[WhiteFideId "1417339"]
[BlackFideId "1400916"]

1. d4 Nf6 2. c4 c5 3. d5 b5 4. cxb5 a6 5. bxa6 g6 6. Nc3 Bg7 7. e4 O-O 8. Nf3 Qa5 9. Bd2 Bxa6 10. Be2 Bxe2 11. Qxe2 Qa6 12. e5 Qxe2+ 13. Kxe2 Ng4 14. Bf4 Na6 15. h3 Nh6 16. Rhd1 Rfb8 17. b3 Rb4 18. Bh2 Nf5 19. g4 Nd4+ 20. Nxd4 cxd4 21. Ne4 Nc7 22. d6 exd6 23. Nxd6 Nd5 24. Kd3 Nc3 25. Rd2 f6 26. f4 fxe5 27. fxe5 Rf8 28. Kc2 Nd5 29. a3 Ne3+ 30. Kb2 Rbb8 31. Re1 Nf1 32. Rg2 Rf3 33. b4 Ne3 34. Rd2 Rxh3 35. Bf4 Rf8 36. Bxe3 Rxe3 37. Red1 Bxe5 38. Nc4 Bg7 39. a4 Rff3 40. Ka2 Rc3 41. Nb2 Ra3+ 42. Kb1 Rfb3 43. Rd3 Rc3 44. b5 Rab3 45. Rxd4 Rxb2+ 46. Kxb2 Rc4 47. Kb3 Rxd4 48. Re1 Bf8  0-1

[Event "Skakligaen 2019-20"]
[Site "Denmark"]
[Date "2020.09.06"]
[Round "9.5"]
[White "Klitgaard, Thomas"]
[Black "Seegert, Kristian"]
[Result "0-1"]
[WhiteElo "2173"]
[BlackElo "2234"]
[EventDate "2019.11.23"]
[EventType "team-tourn"]
[EventRounds "9"]
[EventCountry "Denmark"]
[WhiteTeam "Nordre"]
[BlackTeam "BMS"]
[WhiteTeamCountry "DEN"]
[BlackTeamCountry "DEN"]
[WhiteFideId "1408267"]
[BlackFideId "1405098"]

1. Nf3 d6 2. d4 f5 3. Nc3 Nf6 4. Bg5 e6 5. e4 fxe4 6. Nxe4 Be7 7. Bd3 Nc6 8. Qe2 Nb4 9. Nxf6+ Bxf6 10. Bb5+ c6 11. Bxf6 Qxf6 12. Ba4 O-O 13. Bb3 a5 14. a3 Nd5 15. Qe4 Nf4 16. O-O a4 17. Ba2 Ra5 18. g3 Rf5 19. Nh4 d5 20. Qe3 Nh3+ 21. Kg2 Rxf2+ 22. Rxf2 Qxf2+ 23. Qxf2 Rxf2+ 24. Kxh3 g5 25. Nf3 e5+ 26. g4 Rxf3+ 27. Kg2 e4 28. c4 Be6 29. Rc1 Rd3 30. cxd5 cxd5  0-1

[Event "Skakligaen 2019-20"]
[Site "Denmark"]
[Date "2020.09.06"]
[Round "9.6"]
[White "Akdag, Dara Sevkan"]
[Black "Holst, Per"]
[Result "1-0"]
[WhiteElo "2209"]
[BlackElo "2153"]
[EventDate "2019.11.23"]
[EventType "team-tourn"]
[EventRounds "9"]
[EventCountry "Denmark"]
[WhiteTeam "BMS"]
[BlackTeam "Nordre"]
[WhiteTeamCountry "DEN"]
[BlackTeamCountry "DEN"]
[WhiteFideId "1413406"]
[BlackFideId "1405411"]

1. f4 d5 2. Nf3 Nf6 3. g3 g6 4. Bg2 Bg7 5. O-O O-O 6. d3 Nbd7 7. Nc3 Re8 8. e4 dxe4 9. dxe4 e5 10. fxe5 Ng4 11. Bg5 f6 12. exf6 Bxf6 13. Qd5+ Kg7 14. h3 c6 15. Qd2 Bxg5 16. Nxg5 Nge5 17. Kh2 Qe7 18. Ne2 Nf6 19. Rae1 Be6 20. Nf3 Rad8 21. Qc3 Bg8 22. Nf4 Bc4 23. Rf2 Ba6 24. Nd4 Rd6 25. Nb3 b6 26. Rd2 h5 27. Nd3 Bxd3 28. cxd3 c5 29. d4 cxd4 30. Rxd4 h4 31. Rxd6 Qxd6 32. Kh1 hxg3 33. Qxg3 Nh5 34. Qc3 Nf4 35. Qd4 Qxd4 36. Nxd4 Ned3 37. Re3 Nxb2 38. Bf1 Nd1 39. Rf3 Rxe4 40. Rxf4  1-0

[Event "Skakligaen 2019-20"]
[Site "Denmark"]
[Date "2020.09.06"]
[Round "9.7"]
[White "Hoiberg, Nina"]
[Black "Brorsen, Jacob Abildlund"]
[Result "1-0"]
[WhiteElo "2187"]
[BlackElo "2164"]
[EventDate "2019.11.23"]
[EventType "team-tourn"]
[EventRounds "9"]
[EventCountry "Denmark"]
[WhiteTeam "Nordre"]
[BlackTeam "BMS"]
[WhiteTeamCountry "DEN"]
[BlackTeamCountry "DEN"]
[WhiteFideId "1400720"]
[BlackFideId "1411233"]

1. e4 e5 2. Nf3 Nc6 3. d4 exd4 4. Bc4 Nf6 5. e5 d5 6. Bb5 Nd7 7. O-O Bc5 8. Bg5 Be7 9. Bxc6 bxc6 10. Nxd4 Nb8 11. Bxe7 Qxe7 12. f4 O-O 13. Nd2 f6 14. Qh5 g6 15. Qh4 c5 16. N4f3 Nc6 17. Rae1 Bf5 18. exf6 Qxf6 19. Ng5 h5 20. c3 Rab8 21. Rf2 Rfe8 22. Rfe2 Rxe2 23. Rxe2 Bg4 24. Ndf3 Bxf3 25. gxf3 Qf5 26. Qe1 Rf8 27. Re8 d4 28. Rxf8+ Kxf8 29. Qe4 Qxe4 30. fxe4 Ke7 31. Kf2 Na5 32. Nf3 d3 33. b3 c4 34. b4 Nb7 35. Ke3 Nd6 36. a4 Ke6 37. Nd2 a6 38. Kd4 Kd7 39. e5 Nf5+ 40. Kxc4 Ne3+ 41. Kxd3 Nd5 42. Nb3 Nxf4+ 43. Ke4 Ne6 44. Nd4 c6 45. Nxe6 Kxe6 46. c4 g5 47. b5 cxb5 48. cxb5 axb5 49. axb5 h4 50. b6 Kd7 51. e6+  1-0

[Event "Skakligaen 2019-20"]
[Site "Denmark"]
[Date "2020.09.06"]
[Round "9.8"]
[White "Nielsen, Thomas Bach"]
[Black "Rewitz, Jan"]
[Result "1-0"]
[WhiteElo "2119"]
[BlackElo "2094"]
[EventDate "2019.11.23"]
[EventType "team-tourn"]
[EventRounds "9"]
[EventCountry "Denmark"]
[WhiteTeam "BMS"]
[BlackTeam "Nordre"]
[WhiteTeamCountry "DEN"]
[BlackTeamCountry "DEN"]
[WhiteFideId "1401785"]
[BlackFideId "1413635"]

1. d4 Nf6 2. c4 g6 3. Nc3 Bg7 4. e4 d6 5. h3 O-O 6. Be3 e5 7. d5 c5 8. g4 Ne8 9. Nf3 f5 10. gxf5 gxf5 11. exf5 Bxf5 12. Rg1 Kh8 13. Ng5 Nf6 14. Bd3 e4 15. Ncxe4 Nxe4 16. Bxe4 Bxb2 17. Bxf5 Rxf5 18. Qg4 Rxg5 19. Bxg5 Qe8+ 20. Kf1 Bxa1 21. Bh6  1-0

[Event "Skakligaen 2019-20"]
[Site "Denmark"]
[Date "2020.09.06"]
[Round "9.1"]
[White "Andersen, Mads"]
[Black "Hansen, Sune Berg"]
[Result "1/2-1/2"]
[WhiteElo "2601"]
[BlackElo "2574"]
[EventDate "2019.11.23"]
[EventType "team-tourn"]
[EventRounds "9"]
[EventCountry "Denmark"]
[WhiteTeam "Skanderborg"]
[BlackTeam "Hillerod"]
[WhiteTeamCountry "DEN"]
[BlackTeamCountry "DEN"]
[WhiteFideId "1413864"]
[BlackFideId "1400266"]

1. c4 e5 2. Nc3 Nc6 3. Nf3 Nf6 4. g3 d5 5. cxd5 Nxd5 6. Bg2 Nb6 7. O-O Be7 8. Rb1 O-O 9. b4 a6 10. a3 Re8 11. d3 Bf8 12. Nd2 Nd4 13. e3 Nb5 14. Qc2 Nxc3 15. Qxc3 Rb8 16. Qc2 Bd7 17. Nb3 Ba4 18. Bb2 Qd7 19. Ba1 Qe6 20. Qc3 Nd5 21. Qc4 Rbd8 22. Nc5 Bxc5 23. Qxc5 Bc6 24. Rbc1 Rd6 25. Qc4 Qd7 26. Rfd1 Nf6 27. Bb2 Bxg2 28. Kxg2 c6 29. h3 Nd5 30. Qg4 f5 31. Qf3 Rg6 32. Rc4 Qe6 33. Rh4 Nf6 34. Kh2 Rf8 35. Rd2 Nd7 36. Qh5 Rh6 37. Qg5 Rg6 38. Qh5 Rh6 39. Qg5 Rg6 40. Qh5 Rh6  1/2-1/2

[Event "Skakligaen 2019-20"]
[Site "Denmark"]
[Date "2020.09.06"]
[Round "9.2"]
[White "Schandorff, Lars"]
[Black "Bjerre, Jonas Buhl"]
[Result "0-1"]
[WhiteElo "2480"]
[BlackElo "2529"]
[EventDate "2019.11.23"]
[EventType "team-tourn"]
[EventRounds "9"]
[EventCountry "Denmark"]
[WhiteTeam "Hillerod"]
[BlackTeam "Skanderborg"]
[WhiteTeamCountry "DEN"]
[BlackTeamCountry "DEN"]
[WhiteFideId "1400070"]
[BlackFideId "1444948"]

1. d4 Nf6 2. Nf3 d5 3. g3 c5 4. Bg2 cxd4 5. O-O h6 6. b3 e6 7. Bb2 Bc5 8. Nxd4 O-O 9. e3 e5 10. Nf3 e4 11. Nd4 Bg4 12. Qc1 Nbd7 13. h3 Bh5 14. Ba3 b6 15. c4 Rc8 16. Qc3 dxc4 17. bxc4 Re8 18. Nd2 Ne5 19. Nxe4 Nxe4 20. Bxe4 Bxd4 21. exd4 Rxc4 22. Qb3 Rxd4 23. Bg2 Be2 24. Rfc1 Bc4 25. Qa4 Bf1  0-1